000 00470nam a2200181 a 4500
001 1848
003 CO-ViMGA
008 141112s2004 ck r 000 u spa d
020 _a8489209693
040 _aCO-ViMGA
_bspa
_cCO-ViMGA
082 0 4 _a320.986 N83
245 1 0 _aEl 9 de Abril en fotos
260 _aBogotá :
_bAncora,
_c1986
300 _a116 p : il
650 1 4 _aBogotá - HISTORIA - 9 DE ABRIL
_950402
650 1 4 _aBogotáZO - FOTOS
_950403
942 _2ddc
_cBK
999 _c14002
_d14002